Banking in Africa : (Record no. 10635)
[ view plain ]
| 000 -LEADER | |
|---|---|
| fixed length control field | 01258cam a22003132 4500 |
| 001 - CONTROL NUMBER | |
| control field | 0000002966 |
| 005 - DATE AND TIME OF LATEST TRANSACTION | |
| control field | 20151217154336.0 |
| 008 - FIXED-LENGTH DATA ELEMENTS--GENERAL INFORMATION | |
| fixed length control field | 070424s xx 000 0 eng d |
| 020 ## - INTERNATIONAL STANDARD BOOK NUMBER | |
| International Standard Book Number | 0852551576 : |
| Terms of availability | KES 2,600 |
| 040 ## - CATALOGING SOURCE | |
| Original cataloging agency | KABU |
| Transcribing agency | KABU |
| 050 #0 - LIBRARY OF CONGRESS CALL NUMBER | |
| Classification number | HG3374 |
| Item number | .B76 1998 |
| 100 1# - MAIN ENTRY--PERSONAL NAME | |
| Personal name | Brownbridge, Martin. |
| -- | 0000152519 |
| 245 10 - TITLE STATEMENT | |
| Title | Banking in Africa : |
| Remainder of title | the impact of financial sector reform since independence / |
| Statement of responsibility, etc. | Martin Brownbridge & Charles Harvey. |
| 260 ## - PUBLICATION, DISTRIBUTION, ETC. (IMPRINT) | |
| Place of publication, distribution, etc. | Oxford : |
| Name of publisher, distributor, etc. | James Currry, |
| Date of publication, distribution, etc. | 1998. |
| 300 ## - PHYSICAL DESCRIPTION | |
| Extent | xiii, 242 p. ; |
| Dimensions | 23 cm. |
| 504 ## - BIBLIOGRAPHY, ETC. NOTE | |
| Bibliography, etc | Includes bibliographical references (p. 223-233) and index. |
| 650 #0 - SUBJECT ADDED ENTRY--TOPICAL TERM | |
| Topical term or geographic name as entry element | Banks and banking |
| Geographic subdivision | Africa, Sub-Saharan. |
| -- | 0000152520 |
| 700 1# - ADDED ENTRY--PERSONAL NAME | |
| Personal name | Harvey, Charles. |
| -- | 0000152521 |
| 908 ## - PUT COMMAND PARAMETER (RLIN) | |
| Put command parameter | 070424 |
| 950 ## - LOCAL HOLDINGS (RLIN) | |
| -- | 1 |
| Withdrawn status | Lost status | Source of classification or shelving scheme | Not for loan | Home library | Current library | Date acquired | Total Checkouts | Full call number | Barcode | Date last seen | Price effective from | Koha item type |
|---|---|---|---|---|---|---|---|---|---|---|---|---|
| Library of Congress Classification | Kabarak, Main Campus | Kabarak, Main Campus | 17/12/2015 | HG3374 .B76 1998 C.1 | 010442 | 17/12/2015 | 17/12/2015 | General Collection | ||||
| Library of Congress Classification | Kabarak, Main Campus | Kabarak, Main Campus | 17/12/2015 | HG3374 .B76 1998 C.2 | 020541 | 17/12/2015 | 17/12/2015 | General Collection | ||||
| Library of Congress Classification | Kabarak, Main Campus | Kabarak, Main Campus | 17/12/2015 | HG3374 .B76 1998 C.3 | 020534 | 17/12/2015 | 17/12/2015 | General Collection | ||||
| Library of Congress Classification | Kabarak, Main Campus | Kabarak, Main Campus | 17/12/2015 | HG3374 .B76 1998 C.4 | 020535 | 17/12/2015 | 17/12/2015 | General Collection | ||||
| Library of Congress Classification | Kabarak, Main Campus | Kabarak, Main Campus | 17/12/2015 | HG3374 .B76 1998 C.5 | 020540 | 17/12/2015 | 17/12/2015 | General Collection | ||||
| Library of Congress Classification | Kabarak, Main Campus | Kabarak, Main Campus | 17/12/2015 | HG3374 .B76 1998 C.6 | 020538 | 17/12/2015 | 17/12/2015 | General Collection | ||||
| Library of Congress Classification | Kabarak, Main Campus | Kabarak, Main Campus | 17/12/2015 | HG3374 .B76 1998 C.7 | 020536 | 17/12/2015 | 17/12/2015 | General Collection | ||||
| Library of Congress Classification | Kabarak, Main Campus | Kabarak, Main Campus | 17/12/2015 | HG3374 .B76 1998 C.8 | 020537 | 17/12/2015 | 17/12/2015 | General Collection |